[Event "Goch op 25th"]
[Site "Goch"]
[Date "2014.09.07"]
[Round "6"]
[White "Kennemann, Reinhard"]
[Black "De Boer, Robert"]
[Result "1/2-1/2"]
[WhiteElo "1820"]
[BlackElo "1969"]
[PlyCount "54"]
[EventDate "2014.09.04"]
[EventType "swiss"]
[EventRounds "7"]
[EventCountry "GER"]
[SourceTitle "EXT 2016"]
[Source "ChessBase"]
[SourceDate "2015.10.08"]
[SourceVersion "1"]
[SourceVersionDate "2015.10.08"]
[SourceQuality "1"]

1. e4 e6 2. d4 d5 3. exd5 exd5 4. Nf3 Nf6 5. Bd3 c5 6. c3 Nc6 7. 0-0 Be7 8. dxc5 Bxc5 9. Re1+ Be6 10. Ng5 0-0 11. Nxe6 fxe6 12. Rxe6 Bxf2+ 13. Kh1 Qb6 14. Nd2 Rae8 15. Rxe8 Rxe8 16. Nf3 Ne4 17. g3 Bxg3 18. Bxe4 dxe4 19. Qd5+ Kh8 20. Ng5 h6 21. Nf7+ Kh7 22. hxg3 Qf2 23. Bf4 e3 24. Nxh6 e2 25. Qf5+ Kh8 26. Nf7+ Kg8 27. Nh6+ Kh8 1/2-1/2

[Event "Goch op 18th"]
[Site "Goch"]
[Date "2007.10.05"]
[Round "2"]
[White "Kennemann, Reinhard"]
[Black "Reiter, Stephan"]
[Result "1-0"]
[WhiteElo "1670"]
[BlackElo "866"]
[PlyCount "33"]
[EventDate "2007.10.04"]
[EventType "swiss"]
[EventRounds "7"]
[EventCountry "GER"]
[SourceTitle "EXT 2011"]
[Source "ChessBase"]
[SourceDate "2010.11.26"]
[SourceVersion "1"]
[SourceVersionDate "2010.11.26"]
[SourceQuality "1"]

1. Nf3 d5 2. c4 dxc4 3. g3 Nf6 4. Bg2 Bf5 5. 0-0 e6 6. Qa4+ Qd7 7. Qxc4 Qc6 8. b3 b5 9. Qxc6+ Nxc6 10. Ne5 Be4 11. Nxc6 Bxg2 12. Kxg2 Bc5 13. d4 Bb6 14. Ba3 Rd8 15. Nxd8 Bxd4 16. Nc3 Bxc3 17. Rad1 1-0

[Event "Goch op 18th"]
[Site "Goch"]
[Date "2007.10.04"]
[Round "1"]
[White "Krebbers, Wilfried"]
[Black "Kennemann, Reinhard"]
[Result "1-0"]
[WhiteElo "2118"]
[BlackElo "1670"]
[PlyCount "59"]
[EventDate "2007.10.04"]
[EventType "swiss"]
[EventRounds "7"]
[EventCountry "GER"]
[SourceTitle "EXT 2011"]
[Source "ChessBase"]
[SourceDate "2010.11.26"]
[SourceVersion "1"]
[SourceVersionDate "2010.11.26"]
[SourceQuality "1"]

1. b4 c6 2. e3 a5 3. b5 cxb5 4. Bxb5 e6 5. Nf3 Nf6 6. 0-0 Be7 7. Bb2 0-0 8. d4 d5 9. c4 Bd7 10. Nc3 dxc4 11. Bxc4 Bc6 12. Ne5 Nbd7 13. f4 Nxe5 14. fxe5 Ne4 15. Nb5 a4 16. a3 Qa5 17. Qd3 Bg5 18. Nd6 Nxd6 19. exd6 Qd8 20. Bc3 Qxd6 21. Bb4 Qd7 22. Bxf8 Rxf8 23. Rab1 f5 24. Qe2 f4 25. exf4 Qxd4+ 26. Kh1 Bxf4 27. Bxe6+ Kh8 28. Rb4 Qd6 29. Qf2 g5 30. Qb2+ 1-0

[Event "Ruhrhalbinsel op 19th"]
[Site "Essen"]
[Date "2004.05.19"]
[Round "1"]
[White "Kennemann, Reinhard"]
[Black "Montignies, Rainer"]
[Result "0-1"]
[WhiteElo "1543"]
[BlackElo "2015"]
[PlyCount "68"]
[EventDate "2004.05.??"]
[EventType "swiss"]
[EventRounds "7"]
[EventCountry "GER"]
[SourceTitle "CBM 100 Extra"]
[Source "ChessBase"]
[SourceDate "2004.07.06"]
[SourceVersion "2"]
[SourceVersionDate "2004.07.06"]
[SourceQuality "1"]

1. Nf3 Nf6 2. c4 g6 3. g3 Bg7 4. Nc3 0-0 5. Bg2 d6 6. 0-0 Nc6 7. Rb1 e5 8. d3 a5 9. a3 Bg4 10. h3 Be6 11. b4 axb4 12. axb4 h6 13. Bd2 Qd7 14. Kh2 Nh5 15. Ng1 f5 16. b5 Nd8 17. Nd5 Rb8 18. b6 c6 19. Nc7 Bf7 20. Qa4 g5 21. Qa7 Ne6 22. Ba5 f4 23. g4 Nf6 24. Rfc1 h5 25. gxh5 Bxh5 26. Nxe6 Qxe6 27. Bxc6 bxc6 28. b7 Qd7 29. f3 g4 30. hxg4 Bxg4 31. Be1 Kf7 32. fxg4 Nxg4+ 33. Kg2 Ne3+ 34. Kf2 Qg4 0-1